| 000 | 00571nam a22001931a 4500 | ||
|---|---|---|---|
| 003 | NEGST | ||
| 005 | 20110718120846.0 | ||
| 008 | 030714s1998 001 0 eng d | ||
| 020 | _a9783411713 | ||
| 100 | _aJ. Obada-Obieh | ||
| 245 | 1 | 0 |
_aUnderstanding christian doctrines : In African context / _cJ. Obada-Obieh. _h[Text] |
| 250 | _a1st. ed. | ||
| 260 |
_aYaba Lagos _bBadapat Publications _cc1998 |
||
| 300 | _aviii, 229 p. | ||
| 500 | _aIncludes bibliographical references. | ||
| 590 | _aAccession number: 31007 | ||
| 650 | 0 | _aTheology, Doctrinal. | |
| 999 |
_c6089 _d6089 |
||